[Event "Madrid-chT 2324"]
[Site "Madrid"]
[Date "2023.11.19"]
[Round "1.1"]
[White "Fernandez Blazquez, Diego"]
[Black "Reyes Larena, Juan"]
[Result "0-1"]
[WhiteElo "2229"]
[BlackElo "2442"]
[PlyCount "46"]
[EventDate "2023.11.19"]
[EventType "team-tourn"]
[EventRounds "14"]
[EventCountry "ESP"]
[SourceTitle "AjedrezenMadrid"]
[Source "lmi"]
[SourceDate "2023.11.19"]
[SourceVersion "1"]
[SourceVersionDate "2024.03.19"]
[SourceQuality "1"]
[WhiteTeam "San Fernando de Henares"]
[BlackTeam "San Sebastian de los Reyes"]
[WhiteTeamCountry "ESP"]
[BlackTeamCountry "ESP"]

1. Nf3 Nf6 2. c4 g6 3. g3 Bg7 4. Bg2 O-O 5. O-O d6 6. d4 Nbd7 7. Nc3 e5 8. e4
c6 9. h3 a5 10. Be3 a4 11. Qc2 exd4 12. Nxd4 Qa5 13. Rad1 Re8 14. Rfe1 Nc5 15.
f4 Nfd7 16. Bf2 Nb6 17. Bf1 Bd7 18. a3 Rad8 19. Nf3 Be6 20. Nb1 f5 21. e5 dxe5
22. Nxe5 Ne4 23. Bd4 Rxd4 0-1

[Event "Madrid-chT 2324"]
[Site "Madrid"]
[Date "2023.11.19"]
[Round "1.1"]
[White "Moreno Ruiz, Javier"]
[Black "Martinez Reyes, Pedro Ramon"]
[Result "0-1"]
[WhiteElo "2409"]
[BlackElo "2339"]
[PlyCount "80"]
[EventDate "2023.11.19"]
[EventType "team-tourn"]
[EventRounds "14"]
[EventCountry "ESP"]
[SourceTitle "AjedrezenMadrid"]
[Source "lmi"]
[SourceDate "2023.11.19"]
[SourceVersion "1"]
[SourceVersionDate "2024.03.19"]
[SourceQuality "1"]
[WhiteTeam "Mostoles"]
[BlackTeam "Blanco y Negro"]
[WhiteTeamCountry "ESP"]
[BlackTeamCountry "ESP"]

1. d4 d5 2. c4 e6 3. Nc3 Nf6 4. cxd5 exd5 5. Bg5 Be7 6. e3 c6 7. Qc2 Nbd7 8.
Bd3 Nh5 9. Bxe7 Qxe7 10. O-O-O Nb6 11. h3 g6 12. Nf3 Be6 13. Kb1 O-O-O 14. a4
Kb8 15. a5 Nd7 16. a6 b6 17. Qa4 Rc8 18. Rhe1 f5 19. Rc1 Rc7 20. Rc2 Rhc8 21.
Rec1 g5 22. g3 h6 23. Na2 Qd6 24. Ne5 Nxe5 25. dxe5 Qd7 26. Nb4 c5 27. Bb5 Qf7
28. Nc6+ Ka8 29. Rc3 f4 30. g4 fxe3 31. gxh5 exf2 32. Qd1 Bf5+ 33. Ka1 Be4 34.
Qg4 Rxc6 35. Bxc6+ Rxc6 36. Rf1 b5 37. b3 b4 38. Re3 Qf4 39. Qg3 Rxa6+ 40. Kb2
Bg2 0-1

[Event "Madrid-chT 2324"]
[Site "Madrid"]
[Date "2023.11.19"]
[Round "1.1"]
[White "Plazuelo Pascual, Juan"]
[Black "Albornoz Cabrera, Carlos Daniel"]
[Result "0-1"]
[WhiteElo "2429"]
[BlackElo "2585"]
[PlyCount "72"]
[EventDate "2023.11.19"]
[EventType "team-tourn"]
[EventRounds "14"]
[EventCountry "ESP"]
[SourceTitle "AjedrezenMadrid"]
[Source "lmi"]
[SourceDate "2023.11.19"]
[SourceVersion "1"]
[SourceVersionDate "2024.03.19"]
[SourceQuality "1"]
[WhiteTeam "Alcorcon Diagonal"]
[BlackTeam "Tajamar"]
[WhiteTeamCountry "ESP"]
[BlackTeamCountry "ESP"]

1. e4 c5 2. Nf3 d6 3. d4 cxd4 4. Nxd4 Nf6 5. Nc3 a6 6. a4 e5 7. Nf3 h6 8. Nd2
d5 9. Nxd5 Nxd5 10. exd5 Qxd5 11. Nc4 Qxd1+ 12. Kxd1 Nc6 13. c3 Be6 14. Be3 Rc8
15. Rc1 Be7 16. Be2 O-O 17. Ke1 e4 18. Nb6 Rcd8 19. Bf4 Bc5 20. Nc4 Rd7 21. b4
Ba7 22. b5 axb5 23. axb5 Ne7 24. Be3 Bxc4 25. Bxa7 Rc8 26. Be3 Rd5 27. b6 Nf5
28. Bf4 Rb5 29. Bc7 Bxe2 30. Kxe2 Rb2+ 31. Ke1 e3 32. Rf1 Nh4 33. fxe3 Nxg2+
34. Kd1 Nxe3+ 35. Ke1 Nxf1 36. Kxf1 Re8 0-1

[Event "Madrid-chT 2324"]
[Site "Madrid"]
[Date "2023.11.19"]
[Round "1.1"]
[White "Vazquez Igarza, Renier"]
[Black "Trost, Edvin"]
[Result "1-0"]
[WhiteElo "2510"]
[BlackElo "2440"]
[PlyCount "187"]
[EventDate "2023.11.19"]
[EventType "team-tourn"]
[EventRounds "14"]
[EventCountry "ESP"]
[SourceTitle "AjedrezenMadrid"]
[Source "lmi"]
[SourceDate "2023.11.19"]
[SourceVersion "1"]
[SourceVersionDate "2024.03.19"]
[SourceQuality "1"]
[WhiteTeam "Collado Villalba"]
[BlackTeam "Villalba 64"]
[WhiteTeamCountry "ESP"]
[BlackTeamCountry "ESP"]

1. Nf3 d5 2. d4 Nf6 3. c4 c6 4. e3 Bf5 5. Nc3 e6 6. Nh4 Bg6 7. Nxg6 hxg6 8. Bd2
Nbd7 9. h3 Be7 10. Qc2 Rc8 11. c5 e5 12. b4 Qc7 13. Bd3 Nf8 14. dxe5 Qxe5 15.
O-O Ne6 16. f4 Qc7 17. Rae1 b6 18. cxb6 axb6 19. e4 Bxb4 20. exd5 Bc5+ 21. Kh1
cxd5 22. f5 gxf5 23. Bxf5 O-O 24. Qd1 Rce8 25. Bb1 Qd8 26. Qf3 Bb4 27. Rd1 Ba5
28. Bc1 Bxc3 29. Qxc3 Qc8 30. Qf3 Qc6 31. Bb2 Ne4 32. Qg4 f5 33. Qf3 Qc7 34.
Kg1 Qc5+ 35. Kh2 Qd6+ 36. Kg1 Rd8 37. a3 Qc5+ 38. Kh2 Qc7+ 39. Kg1 Qc5+ 40. Kh2
Qd6+ 41. Kg1 N6g5 42. Qb3 f4 43. Rxd5 Qe6 44. Ba2 Kh7 45. Rxg5 Nxg5 46. Qxe6
Nxe6 47. Bxe6 Rd2 48. Bc1 Rd4 49. Bg4 g5 50. Re1 Rf7 51. Re8 f3 52. Bxf3 Rxf3
53. Re7+ Kg6 54. gxf3 Rd1+ 55. Kf2 Rxc1 56. Re6+ Kf5 57. Rxb6 Rc2+ 58. Kg3 Ra2
59. Ra6 Ra1 60. Ra5+ Kf6 61. a4 Rg1+ 62. Kf2 Rh1 63. Kg2 Ra1 64. Kh2 Rf1 65.
Ra8 Ke5 66. Kg2 Ra1 67. Re8+ Kf5 68. Re4 Ra2+ 69. Kg3 Ra1 70. h4 gxh4+ 71. Rxh4
Ra2 72. Rb4 Ke5 73. Rb5+ Kf6 74. Ra5 Ra1 75. Kf4 Rh1 76. Ra6+ Ke7 77. Ke4 Re1+
78. Kf5 Rb1 79. f4 Kf7 80. Ra7+ Kf8 81. Kg5 Rb6 82. a5 Rc6 83. a6 Kg8 84. f5
Rb6 85. Ra8+ Kh7 86. a7 Ra6 87. f6 Ra5+ 88. Kg4 Ra4+ 89. Kf3 Ra6 90. Ke2 Ra2+
91. Kd3 Ra6 92. f7 Rd6+ 93. Kc4 Rc6+ 94. Kb5 1-0

[Event "Madrid-chT 2324"]
[Site "Madrid"]
[Date "2023.11.19"]
[Round "1.2"]
[White "Aranda Marin, Cristian"]
[Black "Pulvett Marin, Daniel Eduardo"]
[Result "1/2-1/2"]
[WhiteElo "2361"]
[BlackElo "2494"]
[PlyCount "173"]
[EventDate "2023.11.19"]
[EventType "team-tourn"]
[EventRounds "14"]
[EventCountry "ESP"]
[SourceTitle "AjedrezenMadrid"]
[Source "lmi"]
[SourceDate "2023.11.19"]
[SourceVersion "1"]
[SourceVersionDate "2024.03.19"]
[SourceQuality "1"]
[WhiteTeam "Villalba 64"]
[BlackTeam "Collado Villalba"]
[WhiteTeamCountry "ESP"]
[BlackTeamCountry "ESP"]

1. c4 g6 2. Nf3 Bg7 3. Nc3 c5 4. g3 Nc6 5. Bg2 e6 6. d4 cxd4 7. Nb5 d5 8. cxd5
Qa5+ 9. Qd2 Qxb5 10. dxc6 Ne7 11. Nxd4 Qb6 12. Nb3 Nxc6 13. O-O O-O 14. Qg5 e5
15. Be3 Nd4 16. Bxd4 exd4 17. Qc5 Bf5 18. Rfd1 Rfd8 19. Rd2 d3 20. exd3 Rxd3
21. Rxd3 Bxd3 22. Rd1 Bf5 23. Qe7 Bf6 24. Qxb7 Qxb7 25. Bxb7 Rb8 26. Bf3 Bxb2
27. Kg2 Be6 28. Bd5 Rd8 29. Bf3 Rxd1 30. Bxd1 h5 31. h4 Kg7 32. Bc2 Kf6 33. Kf3
Ke5 34. Ke3 Ba3 35. Bd3 Bd6 36. Bc2 Bc7 37. Bd3 Bb6+ 38. Ke2 Bg4+ 39. Ke1 Bd8
40. Bb5 Bf5 41. Be8 Be6 42. Bb5 Ke4 43. Ke2 Bg4+ 44. Ke1 Bb6 45. Ba6 Ke5 46.
Bd3 Bf5 47. Ba6 Be4 48. Ke2 Kf5 49. Bc8+ Ke5 50. Ba6 f6 51. Bb5 Bd5 52. Bd3 Bf7
53. f4+ Kd5 54. Ba6 Be8 55. Bd3 a5 56. f5 g5 57. hxg5 fxg5 58. Nd2 Ke5 59. Nc4+
Kf6 60. Nxb6 Bf7 61. a3 Ke5 62. Ke3 h4 63. gxh4 gxh4 64. Be4 h3 65. Nd7+ Kd6
66. Nf6 Kc5 67. Kd3 Kb5 68. Kc3 Ka4 69. Kb2 Kb5 70. Ng4 Bh5 71. f6 Kc5 72. Kc3
Kd6 73. Nh6 h2 74. Kd4 Ke6 75. f7 Ke7 76. Bd5 Bd1 77. Nf5+ Kf8 78. Ng3 a4 79.
Ke5 Bb3 80. Kd6 Bxd5 81. Kxd5 Kxf7 82. Ke5 Ke7 83. Kd5 Kd7 84. Nh1 Kc7 85. Kc5
Kb7 86. Kb5 Ka7 87. Kxa4 1/2-1/2

[Event "Madrid-chT 2324"]
[Site "Madrid"]
[Date "2023.11.19"]
[Round "1.2"]
[White "Elissalt Cardenas, Hector"]
[Black "Sanz Wawer, Daniel"]
[Result "0-1"]
[WhiteElo "2327"]
[BlackElo "2377"]
[PlyCount "95"]
[EventDate "2023.11.19"]
[EventType "team-tourn"]
[EventRounds "14"]
[EventCountry "ESP"]
[SourceTitle "AjedrezenMadrid"]
[Source "lmi"]
[SourceDate "2023.11.19"]
[SourceVersion "1"]
[SourceVersionDate "2024.03.19"]
[SourceQuality "1"]
[WhiteTeam "Tajamar"]
[BlackTeam "Alcorcon Diagonal"]
[WhiteTeamCountry "ESP"]
[BlackTeamCountry "ESP"]

1. d4 Nf6 2. c4 e6 3. Nf3 d5 4. Bg5 Be7 5. e3 O-O 6. Nbd2 Nbd7 7. Rc1 c5 8.
cxd5 Nxd5 9. Bxe7 Qxe7 10. a3 cxd4 11. Nxd4 N7f6 12. Be2 e5 13. N4f3 Bg4 14.
Ng5 Bxe2 15. Qxe2 e4 16. h4 h6 17. Nh3 Rfe8 18. O-O Rad8 19. Rfd1 Nd7 20. Qb5
N7b6 21. g3 Qe6 22. Kg2 Qf5 23. Qe2 Nd7 24. Rc4 b5 25. Rd4 Nc5 26. Ng1 a5 27.
a4 Ne6 28. Nb3 Nxd4 29. Nxd4 Qd7 30. axb5 Nb4 31. Rc1 Rc8 32. Ra1 Ra8 33. Qh5
Qd5 34. Qg4 h5 35. Qd1 Nd3 36. b3 Red8 37. Nge2 Qc5 38. Ra4 Nb2 39. Qb1 Nxa4
40. bxa4 Qb4 41. Qxe4 Qxa4 42. Nf4 Qc4 43. Qf5 a4 44. Nc6 Re8 45. Ne5 Qc7 46.
Nc6 a3 47. Nxh5 a2 48. Nf6+ 0-1

[Event "Madrid-chT 2324"]
[Site "Madrid"]
[Date "2023.11.19"]
[Round "1.2"]
[White "Hidalgo Duque, Carlos"]
[Black "Valles Moreno, Ivan"]
[Result "1/2-1/2"]
[WhiteElo "2275"]
[BlackElo "2334"]
[PlyCount "165"]
[EventDate "2023.11.19"]
[EventType "team-tourn"]
[EventRounds "14"]
[EventCountry "ESP"]
[SourceTitle "AjedrezenMadrid"]
[Source "lmi"]
[SourceDate "2023.11.19"]
[SourceVersion "1"]
[SourceVersionDate "2024.03.19"]
[SourceQuality "1"]
[WhiteTeam "Blanco y Negro"]
[BlackTeam "Mostoles"]
[WhiteTeamCountry "ESP"]
[BlackTeamCountry "ESP"]

1. Nf3 d6 2. d4 Nf6 3. c4 g6 4. Nc3 Bg7 5. e4 O-O 6. Be2 Nbd7 7. O-O e5 8. Be3
Re8 9. Qc2 exd4 10. Nxd4 c6 11. Rad1 Qe7 12. f3 a6 13. Bf2 Ne5 14. Rfe1 Qc7 15.
Qd2 Bd7 16. Nc2 Be6 17. b3 b5 18. Qxd6 Qxd6 19. Rxd6 Nh5 20. c5 Nf4 21. Red1
Rac8 22. Be3 g5 23. g3 Nxe2+ 24. Nxe2 Nxf3+ 25. Kg2 Bg4 26. h3 Bh5 27. Rf1 Ne5
28. Ned4 Bg6 29. Nf5 h6 30. Bd4 Bf8 31. Nce3 h5 32. b4 Bxd6 33. cxd6 Nd7 34.
Kf3 Re6 35. Ne7+ Rxe7 36. dxe7 Re8 37. Nf5 Bxf5 38. exf5 Rxe7 39. Rc1 Ne5+ 40.
Bxe5 Rxe5 41. Rxc6 Rxf5+ 42. Kg2 Rd5 43. Rxa6 Kg7 44. a4 f6 45. Ra5 Rd2+ 46.
Kf3 bxa4 47. Rxa4 Rd3+ 48. Kf2 Rb3 49. Ra7+ Kg6 50. Rb7 Kf5 51. Rb6 Ke5 52. Rb8
h4 53. gxh4 gxh4 54. b5 Kf4 55. b6 Rb2+ 56. Kg1 Kg3 57. Kf1 Kxh3 58. b7 f5 59.
Rf8 Rb1+ 60. Kf2 Rxb7 61. Rxf5 Rb1 62. Rg5 Rb2+ 63. Kg1 Rb3 64. Rg8 Rb1+ 65.
Kf2 Kh2 66. Rg2+ Kh1 67. Rg7 Rb2+ 68. Kf1 h3 69. Rg8 Kh2 70. Rg7 Rg2 71. Ra7
Rg3 72. Kf2 Rg8 73. Rf7 Ra8 74. Rg7 Ra2+ 75. Kf1 Rg2 76. Ra7 Rg4 77. Ra2+ Kh1
78. Rf2 Rg1+ 79. Ke2 h2 80. Kf3 Ra1 81. Rb2 Rf1+ 82. Kg3 Rg1+ 83. Kh3 1/2-1/2

[Event "Madrid-chT 2324"]
[Site "Madrid"]
[Date "2023.11.19"]
[Round "1.2"]
[White "Rottenwohrer Suarez, Juan"]
[Black "Perez Gonzalez, Jose Manuel"]
[Result "1-0"]
[WhiteElo "2265"]
[BlackElo "2203"]
[PlyCount "63"]
[EventDate "2023.11.19"]
[EventType "team-tourn"]
[EventRounds "14"]
[EventCountry "ESP"]
[SourceTitle "AjedrezenMadrid"]
[Source "lmi"]
[SourceDate "2023.11.19"]
[SourceVersion "1"]
[SourceVersionDate "2024.03.19"]
[SourceQuality "1"]
[WhiteTeam "San Sebastian de los Reyes"]
[BlackTeam "San Fernando de Henares"]
[WhiteTeamCountry "ESP"]
[BlackTeamCountry "ESP"]

1. d4 Nf6 2. c4 g6 3. g3 Bg7 4. Bg2 O-O 5. Nc3 d6 6. Nf3 Nc6 7. O-O a6 8. Bf4
Nh5 9. Be3 e5 10. Bg5 f6 11. Be3 f5 12. dxe5 dxe5 13. Qd5+ Qxd5 14. cxd5 Nd4
15. Rac1 Nxf3+ 16. exf3 Bd7 17. Rfd1 Rfd8 18. b3 Be8 19. Na4 Bxa4 20. bxa4 Nf6
21. Rb1 Nxd5 22. Bg5 Nf6 23. Rdc1 Rac8 24. Rxb7 Rd4 25. Bf1 h6 26. Be3 Rxa4 27.
Bc4+ Kh8 28. Be6 Re8 29. Bb3 Ra5 30. Rcxc7 Bf8 31. Rf7 Nh5 32. Rh7# 1-0

[Event "Madrid-chT 2324"]
[Site "Madrid"]
[Date "2023.11.19"]
[Round "1.3"]
[White "Beltran de Heredia Eguiaz, Miguel Angel"]
[Black "Renteria Becerra, Jorge Elicer"]
[Result "0-1"]
[WhiteElo "2221"]
[BlackElo "2245"]
[PlyCount "70"]
[EventDate "2023.11.19"]
[EventType "team-tourn"]
[EventRounds "14"]
[EventCountry "ESP"]
[SourceTitle "AjedrezenMadrid"]
[Source "lmi"]
[SourceDate "2023.11.19"]
[SourceVersion "1"]
[SourceVersionDate "2024.03.19"]
[SourceQuality "1"]
[WhiteTeam "Mostoles"]
[BlackTeam "Blanco y Negro"]
[WhiteTeamCountry "ESP"]
[BlackTeamCountry "ESP"]

1. e4 c5 2. Nf3 d6 3. d4 cxd4 4. Nxd4 Nf6 5. Nc3 g6 6. Be3 a6 7. f3 b5 8. Qd2
Bb7 9. a4 e5 10. Nb3 b4 11. Na2 d5 12. exd5 Nxd5 13. Bc4 Nxe3 14. Qxe3 Qc7 15.
O-O-O Nd7 16. Bd5 Rc8 17. Kb1 Be7 18. Bxb7 Qxb7 19. Qd3 Nb6 20. Rhe1 O-O 21.
Rxe5 Rfd8 22. Qe2 Rxd1+ 23. Qxd1 Nxa4 24. Qe2 Bf6 25. Re8+ Kg7 26. Rxc8 Qxc8
27. Nxb4 Nxb2 28. Qxa6 Qd8 29. Nd3 Nd1 30. Kc1 Ne3 31. g3 Nf1 32. Qb7 Ne3 33.
Nbc5 Qa5 34. Qe4 Qa1+ 35. Kd2 Bd4 0-1

[Event "Madrid-chT 2324"]
[Site "Madrid"]
[Date "2023.11.19"]
[Round "1.3"]
[White "Jimenez Lopez, Antonio"]
[Black "Alfaya Marcelo, Roberto"]
[Result "0-1"]
[WhiteElo "2191"]
[BlackElo "2243"]
[PlyCount "82"]
[EventDate "2023.11.19"]
[EventType "team-tourn"]
[EventRounds "14"]
[EventCountry "ESP"]
[SourceTitle "AjedrezenMadrid"]
[Source "lmi"]
[SourceDate "2023.11.19"]
[SourceVersion "1"]
[SourceVersionDate "2024.03.19"]
[SourceQuality "1"]
[WhiteTeam "San Fernando de Henares"]
[BlackTeam "San Sebastian de los Reyes"]
[WhiteTeamCountry "ESP"]
[BlackTeamCountry "ESP"]

1. e4 c5 2. Nf3 e6 3. d4 cxd4 4. Nxd4 Nc6 5. Nc3 Qc7 6. Be3 a6 7. Qd2 Nf6 8.
O-O-O Be7 9. f3 b5 10. Nxc6 dxc6 11. g4 O-O 12. Qf2 e5 13. h4 Rd8 14. Bd3 Rb8
15. h5 Be6 16. g5 Nd7 17. Rdg1 b4 18. Na4 c5 19. g6 c4 20. Bf1 Qc6 21. Qg3 Bf8
22. Bh6 hxg6 23. hxg6 gxh6 24. gxf7+ Kxf7 25. f4 Qxe4 26. Rh4 Nf6 27. fxe5 Ng4
28. Rxg4 Bxg4 29. Qf2+ Ke8 30. Bg2 Qf5 31. Bc6+ Kf7 32. e6+ Kf6 33. Qa7 Be7 34.
Bd7 Qf4+ 35. Kb1 b3 36. axb3 cxb3 37. cxb3 Rxb3 38. Qxa6 Rdb8 39. Rf1 Bf5+ 40.
Ka1 Qe5 41. Qc4 Ra3+ 0-1

[Event "Madrid-chT 2324"]
[Site "Madrid"]
[Date "2023.11.19"]
[Round "1.3"]
[White "Quispe Arteaga, Gabriel"]
[Black "Abbasifar, Hasan"]
[Result "1-0"]
[WhiteElo "2384"]
[BlackElo "2314"]
[PlyCount "83"]
[EventDate "2023.11.19"]
[EventType "team-tourn"]
[EventRounds "14"]
[EventCountry "ESP"]
[SourceTitle "AjedrezenMadrid"]
[Source "lmi"]
[SourceDate "2023.11.19"]
[SourceVersion "1"]
[SourceVersionDate "2024.03.19"]
[SourceQuality "1"]
[WhiteTeam "Collado Villalba"]
[BlackTeam "Villalba 64"]
[WhiteTeamCountry "ESP"]
[BlackTeamCountry "ESP"]

1. c4 f5 2. b3 e5 3. Bb2 d6 4. d4 exd4 5. Qxd4 Nf6 6. Nc3 Nc6 7. Qd2 Be7 8. g3
O-O 9. Bg2 Ne5 10. Nh3 c6 11. Nf4 Qa5 12. O-O h6 13. Rad1 Qc7 14. Ba3 g5 15.
Nh3 Nf7 16. f4 Ng4 17. Kh1 Qb6 18. Bc1 gxf4 19. Na4 Qc7 20. Nxf4 Nge5 21. Nc3
Ng5 22. Ba3 Rd8 23. Bb2 Rf8 24. Ba3 Rd8 25. e4 fxe4 26. Nxe4 Bg4 27. Nxg5 hxg5
28. Rde1 gxf4 29. gxf4 Nf7 30. Bb2 Bf8 31. Rg1 Bg7 32. Bxg7 Kxg7 33. Bf3 Rg8
34. Rxg4+ Kf8 35. Rxg8+ Kxg8 36. Rg1+ Kf8 37. Qd4 Re8 38. Qg7+ Ke7 39. Re1+ Kd8
40. Rxe8+ Kxe8 41. Bh5 Qe7 42. Qg8+ 1-0

[Event "Madrid-chT 2324"]
[Site "Madrid"]
[Date "2023.11.19"]
[Round "1.3"]
[White "Rey Martinez, Jaime"]
[Black "Centron Antuna, Daniel"]
[Result "1-0"]
[WhiteElo "2344"]
[BlackElo "2233"]
[PlyCount "79"]
[EventDate "2023.11.19"]
[EventType "team-tourn"]
[EventRounds "14"]
[EventCountry "ESP"]
[SourceTitle "AjedrezenMadrid"]
[Source "lmi"]
[SourceDate "2023.11.19"]
[SourceVersion "1"]
[SourceVersionDate "2024.03.19"]
[SourceQuality "1"]
[WhiteTeam "Alcorcon Diagonal"]
[BlackTeam "Tajamar"]
[WhiteTeamCountry "ESP"]
[BlackTeamCountry "ESP"]

1. e4 c5 2. c3 d5 3. exd5 Qxd5 4. d4 Nf6 5. Nf3 Nc6 6. dxc5 Qxd1+ 7. Kxd1 e5 8.
b4 e4 9. Nd4 Bd7 10. Be3 Nd5 11. Bc4 Bg4+ 12. Kc2 O-O-O 13. Nxc6 bxc6 14. Nd2
Be6 15. Ba6+ Kc7 16. Nb3 Be7 17. Rad1 Bf6 18. Nd4 Rhe8 19. a3 Bg4 20. Rd2 Be5
21. Bc4 f5 22. h3 Bh5 23. Bxd5 Bxd4 24. Bxd4 Rxd5 25. Bxg7 e3 26. Rxd5 cxd5 27.
f3 Kc6 28. Bh6 Rg8 29. g4 Bg6 30. Kd1 f4 31. Ke2 Kb5 32. Bxf4 Rf8 33. Bxe3 Rxf3
34. Kxf3 Be4+ 35. Kf4 Bxh1 36. Ke5 Bg2 37. h4 Bh3 38. g5 Kc4 39. h5 Bg2 40. g6
1-0

[Event "Madrid-chT 2324"]
[Site "Madrid"]
[Date "2023.11.19"]
[Round "1.4"]
[White "Alarcia Astiz, Carlos"]
[Black "Calvo Gonzalez, Jose Felix"]
[Result "1/2-1/2"]
[WhiteElo "2254"]
[BlackElo "2180"]
[PlyCount "110"]
[EventDate "2023.11.19"]
[EventType "team-tourn"]
[EventRounds "14"]
[EventCountry "ESP"]
[SourceTitle "AjedrezenMadrid"]
[Source "lmi"]
[SourceDate "2023.11.19"]
[SourceVersion "1"]
[SourceVersionDate "2024.03.19"]
[SourceQuality "1"]
[WhiteTeam "Blanco y Negro"]
[BlackTeam "Mostoles"]
[WhiteTeamCountry "ESP"]
[BlackTeamCountry "ESP"]

1. e4 c5 2. Nf3 d6 3. d4 cxd4 4. Nxd4 Nf6 5. Nc3 a6 6. f4 Nbd7 7. Bd3 g6 8. Nf3
Qc7 9. O-O Bg7 10. Qe1 e6 11. Kh1 O-O 12. Qh4 b5 13. a3 Bb7 14. f5 Rae8 15. Bh6
exf5 16. exf5 Ne5 17. Nxe5 Rxe5 18. Bf4 Ree8 19. Bg5 Nd7 20. Be7 Bxc3 21. bxc3
Qc6 22. Rf2 Rxe7 23. Qxe7 Ne5 24. Raf1 Re8 25. Qg5 Qxc3 26. h3 Bd5 27. Qh6 Nxd3
28. f6 Nxf2+ 29. Rxf2 Re1+ 30. Kh2 Qe5+ 31. Rf4 Qxf4+ 32. Qxf4 Re2 33. h4 Rxg2+
34. Kh3 g5 35. hxg5 Rxc2 36. g6 Rc3+ 37. Kh2 Rc2+ 38. Kg1 Rg2+ 39. Kf1 Rxg6 40.
Qxd6 Bc4+ 41. Kf2 h6 42. Qxa6 Kh7 43. Ke3 Rg3+ 44. Kf4 Rg6 45. Ke5 Rg4 46. Qc8
Be6 47. Qc2+ Kh8 48. Kd6 Rg5 49. Ke7 Kg8 50. Qh2 Kh7 51. Qc2+ Kh8 52. Qe4 Rd5
53. Qh4 Kh7 54. Qg3 Rg5 55. Qd3+ Kh8 1/2-1/2

[Event "Madrid-chT 2324"]
[Site "Madrid"]
[Date "2023.11.19"]
[Round "1.4"]
[White "Garcia Luengo, Leandro"]
[Black "Suarez Uriel, Adrian"]
[Result "1/2-1/2"]
[WhiteElo "2295"]
[BlackElo "2375"]
[PlyCount "152"]
[EventDate "2023.11.19"]
[EventType "team-tourn"]
[EventRounds "14"]
[EventCountry "ESP"]
[SourceTitle "AjedrezenMadrid"]
[Source "lmi"]
[SourceDate "2023.11.19"]
[SourceVersion "1"]
[SourceVersionDate "2024.03.19"]
[SourceQuality "1"]
[WhiteTeam "Villalba 64"]
[BlackTeam "Collado Villalba"]
[WhiteTeamCountry "ESP"]
[BlackTeamCountry "ESP"]

1. e4 c5 2. Nc3 Nc6 3. Nf3 g6 4. d4 cxd4 5. Nxd4 Bg7 6. Be3 Nf6 7. Bc4 O-O 8.
Bb3 Re8 9. O-O d6 10. h3 Na5 11. Qd3 b6 12. Bd5 Nxd5 13. exd5 Nb7 14. Qd2 Bd7
15. Bg5 Rc8 16. Rfe1 Na5 17. b3 Qc7 18. Ne4 f5 19. Ng3 Qc5 20. Rad1 Bxd4 21.
Qxd4 Qxd4 22. Rxd4 Rxc2 23. b4 Nb7 24. Rxe7 Rxe7 25. Bxe7 Bb5 26. Rd1 Bc4 27.
a3 h6 28. Bf6 Kf7 29. Bd4 Ra2 30. Rc1 b5 31. Nf1 f4 32. g3 Rxa3 33. gxf4 a5 34.
Ne3 axb4 35. Nxc4 bxc4 36. Rxc4 Nc5 37. Rxb4 Nd7 38. Rb7 Ke8 39. f5 gxf5 40.
Be3 h5 41. Bf4 Ra6 42. h4 Nf6 43. Bg5 Nd7 44. Rc7 Ne5 45. Re7+ Kf8 46. Re6 Kg8
47. Bf6 Ng4 48. Be7 Ra1+ 49. Kg2 Ra2 50. Bxd6 Rxf2+ 51. Kg3 Rd2 52. Kf4 Rxd5
53. Bc7 Kf7 54. Rc6 Nf6 55. Kg5 Ne8 56. Kxh5 Ng7+ 57. Kg5 Ne6+ 58. Kh5 Kf6 59.
Bf4 Rd7 60. Bg5+ Ke5 61. Kh6 Nf8 62. Bf6+ Kd5 63. Rc8 Rf7 64. Kg5 Nh7+ 65. Kg6
Rxf6+ 66. Kg7 f4 67. Kxh7 Rf5 68. Kg6 Re5 69. Rf8 Ke4 70. h5 Re6+ 71. Kg5 f3
72. h6 Re7 73. Kg4 Rh7 74. Rf6 Rh8 75. Rf4+ Ke5 76. Rxf3 Rxh6 1/2-1/2

[Event "Madrid-chT 2324"]
[Site "Madrid"]
[Date "2023.11.19"]
[Round "1.4"]
[White "Martinez Fernandez, Raul"]
[Black "Gallego Bergada, Antoni"]
[Result "1/2-1/2"]
[WhiteElo "2215"]
[BlackElo "2109"]
[PlyCount "109"]
[EventDate "2023.11.19"]
[EventType "team-tourn"]
[EventRounds "14"]
[EventCountry "ESP"]
[SourceTitle "AjedrezenMadrid"]
[Source "lmi"]
[SourceDate "2023.11.19"]
[SourceVersion "1"]
[SourceVersionDate "2024.03.19"]
[SourceQuality "1"]
[WhiteTeam "San Sebastian de los Reyes"]
[BlackTeam "San Fernando de Henares"]
[WhiteTeamCountry "ESP"]
[BlackTeamCountry "ESP"]

1. e4 c5 2. Nf3 d6 3. d4 cxd4 4. Nxd4 Nf6 5. Nc3 g6 6. f3 Bg7 7. Be3 O-O 8. Qd2
Nc6 9. O-O-O d5 10. Qe1 e5 11. Nxc6 bxc6 12. exd5 Nxd5 13. Bc4 Be6 14. Ne4 Qc7
15. Bc5 Rfd8 16. Qh4 h6 17. g4 Nf4 18. Bxe6 Nxe6 19. Qe7 Rxd1+ 20. Rxd1 Qa5 21.
Qb7 Rd8 22. Rxd8+ Nxd8 23. Qb4 Qxb4 24. Bxb4 Ne6 25. Bd6 f6 26. c3 Kf7 27. Kc2
f5 28. Nf2 Ng5 29. f4 Nf3 30. fxe5 Bxe5 31. Bc5 a6 32. gxf5 gxf5 33. h3 Ke6 34.
Kd3 Bg3 35. Nd1 Ng5 36. Bf2 f4 37. h4 Nh3 38. Bb6 Bxh4 39. Ke4 Bg3 40. c4 Ng5+
41. Kd3 h5 42. Nf2 h4 43. Nh1 h3 44. b4 h2 45. a4 Nf3 46. b5 cxb5 47. cxb5 axb5
48. axb5 Kd5 49. Ke2 Ne5 50. Bc7 Ng4 51. Kf3 Nf2 52. Nxf2 Bxf2 53. Kg2 Bg3 54.
Bxf4 Bxf4 55. b6 1/2-1/2

[Event "Madrid-chT 2324"]
[Site "Madrid"]
[Date "2023.11.19"]
[Round "1.4"]
[White "Mkrtchyan, Levon"]
[Black "Neagu, Roberto Florin"]
[Result "1-0"]
[WhiteElo "2245"]
[BlackElo "2279"]
[PlyCount "51"]
[EventDate "2023.11.19"]
[EventType "team-tourn"]
[EventRounds "14"]
[EventCountry "ESP"]
[SourceTitle "AjedrezenMadrid"]
[Source "lmi"]
[SourceDate "2023.11.19"]
[SourceVersion "1"]
[SourceVersionDate "2024.03.19"]
[SourceQuality "1"]
[WhiteTeam "Tajamar"]
[BlackTeam "Alcorcon Diagonal"]
[WhiteTeamCountry "ESP"]
[BlackTeamCountry "ESP"]

1. e4 c5 2. c3 Nf6 3. e5 Nd5 4. d4 cxd4 5. Nf3 Nc6 6. cxd4 d6 7. Bc4 dxe5 8.
dxe5 e6 9. O-O Nb6 10. Bb5 Qxd1 11. Rxd1 Bd7 12. Nc3 Nb4 13. Bxd7+ Nxd7 14. Nb5
Na6 15. Be3 Bc5 16. Bxc5 Ndxc5 17. b4 Na4 18. a3 O-O 19. Rd7 Rfb8 20. Nd6 b5
21. Rxf7 Nc3 22. Nd4 Re8 23. Rb7 Reb8 24. Rd7 Rd8 25. Rxd8+ Rxd8 26. Rc1 1-0